| 000 | 00537nam a2200217Ia 4500 | ||
|---|---|---|---|
| 003 | OSt | ||
| 005 | 20230710151317.0 | ||
| 008 | 210210b1985 xxu||||| |||| 00| 0 eng d | ||
| 040 | _cAL | ||
| 041 | _aEnglish | ||
| 082 | _a658.001 VARM | ||
| 100 |
_aVARSHNEY (R L) _9126291 |
||
| 245 | _aManagerial economics | ||
| 250 | _a9 Rev | ||
| 260 |
_aNew Delhi. _bSultan Chand & Sons _c1985 |
||
| 300 | _axiv,464,A-154 | ||
| 690 |
_aBusiness Economics _9126292 |
||
| 700 |
_aMAHESHWARI (K L) _9126293 |
||
| 906 | _a037180 | ||
| 942 |
_2ddc _cBK |
||
| 999 |
_c87391 _d87391 |
||